Bytový dom

Salvato in:
Dettagli Bibliografici
Autore principale: Antalová, Barbora (Autore)
Altri autori: Palková, Adela (Relatore della tesi)
Natura: Manoscritto Libro
Lingua:slovacco
Pubblicazione: 2016
Soggetti:
Accesso online:http://is.stuba.sk/zp/portal_zp.pl?podrobnosti=128889
https://opac.crzp.sk/?fn=detailBiblioForm&sid=427371B0090519B80446D021842E
Tags: Aggiungi Tag
Nessun Tag, puoi essere il primo ad aggiungerne!!

MARC

LEADER 00000ntm a22000003a 4500
001 stuzp56420
003 SK-STU
005 20230822111156.0
007 ta
008 150427s2015----xo-----f-mn---000-0-slo-d
040 |a STU  |b slo 
041 0 |a slo 
100 1 |a Antalová, Barbora  |u 010180  |4 aut  |U SvF Stavebná fakulta  |T SvF Katedra konštrukcií pozemných stavieb  |X 57982  |U V180  |Y 18  |7 57982 
242 0 1 |a Block of flats  |y eng 
245 1 0 |a Bytový dom 
260 |c 2016 
650 4 |a teplotná pohoda  |2 slo 
650 4 |a strecha s vegetáciou  |2 slo 
650 4 |a polyfunkcia  |2 slo 
650 4 |a green roof  |2 eng 
650 4 |a parking basement  |2 eng 
650 4 |a space for rent  |2 eng 
700 1 |a Palková, Adela  |u 010180  |k Z1  |4 ths  |U SvF Stavebná fakulta  |T SvF Katedra konštrukcií pozemných stavieb  |X 38081  |U V180  |Y 18  |7 A000038081 
856 4 |u http://is.stuba.sk/zp/portal_zp.pl?podrobnosti=128889 
856 4 |u https://opac.crzp.sk/?fn=detailBiblioForm&sid=427371B0090519B80446D021842E 
SQL |a stuzp56420  |b DBP  |c SLO  |d Bytový dom  |e 57982  |f Antalová, Barbora  |g 010180  |h 38081  |i Palková, Adela  |j 20160621  |k 4  |l 01  |m http://is.stuba.sk/zp/portal_zp.pl?podrobnosti=128889  |n B-PSA  |o 5.1.4. pozemné stavby, 5.1.1. architektúra a urbanizmus